| 000 | 00426nam a2200181Ia 4500 | ||
|---|---|---|---|
| 001 | 4717 | ||
| 005 | 20260306145816.0 | ||
| 008 | 260306t1997||||xx |||||||||||||| ||spa|| | ||
| 041 | _aESP | ||
| 082 |
_a330.01 _bP26 |
||
| 100 |
_aPark, Chan S. _eAUT |
||
| 245 | 0 | _aIngeniería económica contemporánea | |
| 260 | _c1997 | ||
| 300 |
_a791 páginas : _c23 cm. |
||
| 650 | _aGEN | ||
| 654 | _aCAN | ||
| 942 |
_cLIB _dJUS _fJUS _2ddc _n |
||
| 999 |
_c4717 _d4717 |
||